Southville International School and Colleges
Your cart is empty.
  • Cart
  • Lists
    Public lists Eva Luna New books Lux_list list_1
    Your lists Log in to create your own lists
  • Log in to your account
  • Your cookies
  • Search history
Southville International School and Colleges
  • Advanced search
  • Recent comments
  • Most popular
  • Libraries

Log in to your account

Log in with GOOGLE


If you do not have an external account, but do have a local account, you can still log in:

  1. Home
  2. MARC view: My role model /
Normal view MARC view ISBD view

My role model / (Record no. 360204)

[ view plain ]
MARC details
000 -LEADER
fixed length control field 00853nam a2200289Ia 4500
008 - FIXED-LENGTH DATA ELEMENTS--GENERAL INFORMATION
fixed length control field 181129s9999 xx 000 0 und d
020 ## - INTERNATIONAL STANDARD BOOK NUMBER
International Standard Book Number 9789715697163
050 ## - LIBRARY OF CONGRESS CALL NUMBER
Item number T161 2011
100 ## - MAIN ENTRY--PERSONAL NAME
Personal name Tan, Bienvenido A.
245 #0 - TITLE STATEMENT
Title My role model /
245 #0 - TITLE STATEMENT
Statement of responsibility, etc by Bienvenido A. Tan, Jr. ; illustrated by Jerome Jacinto.
260 ## - PUBLICATION, DISTRIBUTION, ETC. (IMPRINT)
Place of publication, distribution, etc Makati, Philippines :
260 ## - PUBLICATION, DISTRIBUTION, ETC. (IMPRINT)
Name of publisher, distributor, etc Bookmark,
260 ## - PUBLICATION, DISTRIBUTION, ETC. (IMPRINT)
Date of publication, distribution, etc 2011
300 ## - PHYSICAL DESCRIPTION
Extent unpaged :
300 ## - PHYSICAL DESCRIPTION
Other physical details color illustrations ;
300 ## - PHYSICAL DESCRIPTION
Dimensions 25cm.
440 ## - SERIES STATEMENT/ADDED ENTRY--TITLE
Title Modern heroes for the Filipino youth.
650 ## - SUBJECT ADDED ENTRY--TOPICAL TERM
Topical term or geographic name as entry element Philippine literature for kids.
650 ## - SUBJECT ADDED ENTRY--TOPICAL TERM
Topical term or geographic name as entry element Philippines -- History --
650 ## - SUBJECT ADDED ENTRY--TOPICAL TERM
Topical term or geographic name as entry element Prisoners of war -- Philippines, 1942.
650 ## - SUBJECT ADDED ENTRY--TOPICAL TERM
Topical term or geographic name as entry element Tan, Vidal Lorenzo, 1920-1946.
650 ## - SUBJECT ADDED ENTRY--TOPICAL TERM
General subdivision Japanese occupation, 1942-1945.
700 ## - ADDED ENTRY--PERSONAL NAME
Personal name Jacinto, Jerome.
700 ## - ADDED ENTRY--PERSONAL NAME
Personal name Series.
700 ## - ADDED ENTRY--PERSONAL NAME
Personal name Title.
Holdings
Withdrawn status Lost status Damaged status Home library Current library Shelving location Date acquired Total Checkouts Full call number Barcode Date last seen Price effective from Koha item type
      Stonyhurst Southville International School (Malarayat) Stonyhurst Southville International School (Malarayat)   11/29/2018   ER T161 2011 SSISM5998 11/29/2018 11/29/2018 Books

My role model /

APA

Tan B. A., Jacinto J., Series & Title.My role model. Makati, Philippines: .

Chicago

Tan Bienvenido A, Jacinto Jerome, Series and Title.My role model. Makati, Philippines: .

Harvard

Tan B. A., Jacinto J., Series and Title.My role model. Makati, Philippines: .

MLA

Tan Bienvenido A, Jacinto Jerome, Series and Title.Makati, Philippines: . .

  • Place hold
  • Print
  • Cite
  • Add to your cart (remove)
  • Save record
    BIBTEX Dublin Core MARCXML MARC (non-Unicode/MARC-8) MARC (Unicode/UTF-8) MARC (Unicode/UTF-8, Standard) MODS (XML) RIS
  • More searches
    Search for this title in:
    Other Libraries (WorldCat) Other Databases (Google Scholar) Online Stores (Bookfinder.com) Open Library (openlibrary.org)

Exporting to Dublin Core...

SOUTHVILLE LIBRARY

Southville International School and Colleges Library

1281 Tropical Ave. Cor. Luxembourg St., BF Homes International, Las Pinas City

Tel. No. 8256374 / 252358 Loc. 117/146

Powered by Koha